Statistics for Every City in Washington on a Map

Click here to take the quiz!

General Stats

  • This quiz has been taken 423 times
  • The average score is 43 of 282

Answer Stats

County Population City % Correct
King744,955Seattle
99%
Spokane219,190Spokane
89%
Pierce216,279Tacoma
82%
Thurston52,555Olympia
81%
Clark183,012Vancouver
78%
Yakima93,884Yakima
64%
King147,599Bellevue
61%
Walla Walla32,986Walla Walla
60%
Snohomish111,262Everett
57%
Whatcom90,665Bellingham
54%
King129,618Kent
46%
Benton82,943Kennewick
42%
Spokane99,703Spokane Valley
41%
Clallam20,076Port Angeles
41%
King67,678Redmond
41%
King102,153Renton
40%
King97,044Federal Way
38%
Kitsap41,235Bremerton
38%
Snohomish10,185Snohomish
37%
Clallam3,382Forks
37%
Whitman34,019Pullman
36%
King89,557Kirkland
36%
Chelan4,146Chelan
36%
Benton57,303Richland
36%
Chelan34,329Wenatchee
35%
Pierce41,886Puyallup
35%
Kittitas20,977Ellensburg
34%
Snohomish69,779Marysville
33%
Grays Harbor16,654Aberdeen
33%
Franklin74,778Pasco
33%
Whatcom5,436Blaine
31%
King39,378Issaquah
30%
King29,239SeaTac
30%
King81,905Auburn
29%
King13,752Snoqualmie
29%
Cowlitz38,112Longview
29%
Skagit35,741Mount Vernon
28%
Jefferson9,704Port Townsend
28%
Skagit17,283Anacortes
28%
Grant24,009Moses Lake
27%
Lewis7,633Chehalis
27%
King56,752Shoreline
26%
King65,733Sammamish
26%
King46,657Bothell
26%
Lewis17,495Centralia
26%
Snohomish38,378Lynnwood
25%
King7,136North Bend
25%
Clallam7,481Sequim
24%
Thurston50,718Lacey
24%
Chelan1,995Leavenworth
24%
Pacific1,413Long Beach
24%
Snohomish19,363Monroe
24%
Kittitas1,993Cle Elum
23%
Okanogan2,571Okanogan
23%
Grays Harbor6,112Ocean Shores
23%
King20,294Tukwila
22%
Pierce60,538Lakewood
22%
Island23,401Oak Harbor
21%
Snohomish42,767Edmonds
21%
King32,364Des Moines
21%
King25,976Mercer Island
21%
Kitsap24,846Bainbridge Island
20%
Grant507George
20%
Cowlitz12,303Kelso
20%
Spokane12,403Cheney
20%
King2,164Carnation
20%
Kitsap14,389Port Orchard
20%
Snohomish19,803Arlington
20%
Pierce10,154Fife
19%
Pierce10,422Gig Harbor
19%
Thurston23,688Tumwater
19%
Snohomish2,301Gold Bar
19%
King12,815Woodinville
19%
King51,908Burien
18%
King7,219Pacific
18%
King11,878Enumclaw
18%
San Juan2,278Friday Harbor
18%
King11,368Vashon
18%
Snohomish33,378Lake Stevens
18%
Skagit9,124Burlington
18%
Kitsap10,927Poulsbo
18%
Mason9,834Shelton
18%
Okanogan4,845Omak
17%
Asotin7,396Clarkston
17%
Thurston2,203Rainier
17%
Asotin1,295Asotin
17%
Snohomish21,545Mukilteo
17%
Clark23,845Camas
16%
Kittitas1,491Kittitas
16%
Whatcom14,736Lynden
16%
Snohomish5,194Sultan
15%
King3,267Medina
15%
Clark20,949Battle Ground
15%
King27,114Maple Valley
15%
Thurston9,374Yelm
15%
Adams1,637Ritzville
15%
Okanogan415Winthrop
14%
Pierce33,740University Place
14%
Whatcom14,300Ferndale
14%
Pierce21,092Bonney Lake
14%
Grant7,838Quincy
14%
King7,813Duvall
14%
Grays Harbor2,080Westport
14%
Douglas13,983East Wenatchee
14%
Snohomish21,420Mountlake Terrace
14%
Cowlitz2,234Castle Rock
13%
Skagit712Concrete
13%
King205Skykomish
13%
Chelan3,153Cashmere
13%
Yakima16,742Sunnyside
13%
Adams8,269Othello
13%
Grays Harbor8,596Hoquiam
13%
Whatcom1,464Sumas
12%
Klickitat3,428Goldendale
12%
King4,477Black Diamond
12%
Skagit908La Conner
12%
Stevens4,765Colville
12%
Pierce10,173Sumner
12%
Skagit12,054Sedro-Woolley
12%
Snohomish7,204Stanwood
12%
Island1,849Coupeville
12%
Pierce9,487DuPont
12%
Benton6,313Prosser
12%
King23,093Kenmore
12%
Snohomish3,604Granite Falls
11%
Whitman2,900Colfax
11%
Grant1,042Grand Coulee
11%
Pierce8,395Orting
11%
King11,823Newcastle
11%
Snohomish1,362Darrington
11%
Okanogan939Twisp
11%
King21,202Covington
11%
Yakima8,024Selah
11%
Grant570Coulee City
11%
Snohomish20,986Mill Creek
11%
Island1,124Langley
10%
Cowlitz6,358Woodland
10%
Yakima6,160Union Gap
10%
Pierce6,122Steilacoom
10%
Whatcom1,560Nooksack
10%
King13,392Lake Forest Park
10%
Grant8,190Ephrata
10%
Cowlitz2,687Kalama
10%
Pierce820Roy
10%
Lewis1,178Morton
10%
Pacific2,920Raymond
10%
Yakima3,125Zillah
10%
Grant1,001Electric City
10%
Pierce4,819Buckley
10%
Kittitas947Roslyn
10%
Pacific945Ilwaco
10%
Spokane4,080Deer Park
10%
Ferry1,062Republic
9%
Clark16,049Washougal
9%
Snohomish1,362Index
9%
Skamania1,555Stevenson
9%
Skagit299Hamilton
9%
Yakima11,129Grandview
9%
Thurston1,852Tenino
9%
Whitman596Garfield
9%
Pierce828Ruston
9%
Snohomish6,884Brier
9%
Pend Orielle2,140Newport
9%
Pierce2,810Eatonville
9%
Klickitat2,552White Salmon
9%
Spokane9,200Airway Heights
9%
Grays Harbor4,028Montesano
9%
Yakima8,894Toppenish
9%
Spokane10,594Liberty Lake
9%
Pierce8,230Milton
9%
Spokane4,957Medical Lake
9%
Whatcom2,699Everson
9%
Grays Harbor3,320Elma
9%
Snohomish1,378Woodway
8%
Clark8,357Ridgefield
8%
King3,318Clyde Hill
8%
Benton14,928West Richland
8%
Okanogan1,032Tonasket
8%
Columbia2,526Dayton
8%
Okanogan2,343Brewster
8%
Grant1,579Soap Lake
8%
Pacific1,651South Bend
8%
Lincoln1,655Davenport
8%
Lewis655Vader
8%
Lincoln446Sprague
8%
Yakima801Naches
7%
Lewis803Mossyrock
7%
Lewis760Toledo
7%
Klickitat729Bingen
7%
Benton3,369Benton City
7%
King6,649Normandy Park
7%
King425Hunts Point
7%
King3,223Algona
7%
Yakima5,049Wapato
7%
Clark3,218La Center
7%
Whitman1,055Palouse
7%
Lincoln875Odessa
7%
Okanogan1,674Oroville
7%
Pierce6,794Fircrest
7%
Walla Walla9,358College Place
7%
Stevens2,637Chewelah
7%
Pierce11,213Edgewood
6%
Okanogan701Pateros
6%
Yakima4,032Moxee
6%
Grays Harbor1,647Cosmopolis
6%
Yakima2,284Mabton
6%
Stevens1,611Kettle Falls
6%
Grant4,556Mattawa
6%
Garfield1,388Pomeroy
6%
Kittitas529South Cle Elum
6%
Grant2,205Royal City
6%
Lewis624Pe Ell
6%
Lewis1,387Winlock
6%
Adams207Washtucna
6%
Lewis1,988Napavine
6%
Columbia125Starbuck
6%
Douglas1,015Rock Island
6%
Douglas1,151Waterville
6%
King1,046Yarrow Point
6%
Skagit437Lyman
6%
Pierce613Carbonado
5%
Wahkiakum538Cathlamet
5%
Okanogan1,098Coulee Dam
5%
Grays Harbor1,732McCleary
5%
King319Beaux Arts Village
5%
Whitman316LaCrosse
5%
Spokane307Spangle
5%
Franklin5,535Connell
5%
Chelan1,223Entiat
5%
Walla Walla1,195Waitsburg
5%
Grant2,729Warden
5%
Clark1,633Yacolt
5%
Whitman425Colton
4%
Whitman313Uniontown
4%
Pierce435South Prairie
4%
Okanogan275Riverside
4%
Pend Orielle171Metaline
4%
Franklin503Mesa
4%
Adams572Lind
4%
Yakima1,294Tieton
4%
Lincoln851Wilbur
4%
Yakima3,772Granger
4%
Grays Harbor690Oakville
4%
Stevens291Northport
4%
Lincoln556Reardan
4%
Franklin199Kahlotus
4%
Whitman542Saint John
4%
Grant211Wilson Creek
3%
Whitman71Lamont
3%
Grant156Hartline
3%
Pend Orielle204Cusick
3%
Spokane183Latah
3%
Lincoln273Almira
3%
Spokane106Waverly
3%
Whitman149Farmington
3%
Stevens279Springdale
3%
Lincoln221Creston
3%
Yakima632Harrah
3%
Grant49Krupp
3%
Douglas330Mansfield
3%
Spokane1,784Millwood
3%
Lincoln424Harrington
3%
Whitman429Oakesdale
3%
Whitman809Tekoa
3%
Pend Orielle444Ione
3%
Spokane608Fairfield
3%
Pierce484Wilkeson
3%
Walla Walla304Prescott
3%
Whitman556Rosalia
3%
Thurston567Bucoda
3%
Whitman574Albion
2%
Adams103Hatton
2%
Skamania999North Bonneville
2%
Whitman290Endicott
2%
Stevens177Marcus
2%
Okanogan211Conconully
2%
Okanogan224Nespelem
2%
Okanogan234Elmer City
2%
Pend Orielle238Metaline Falls
2%
Whitman202Malden
2%
Spokane470Rockfort
1%
Douglas2,555Brideport
1%

Score Distribution

Percentile by Number Answered

Percent of People with Each Score

Your Score History

You have not taken this quiz